[Event "Cattolica Weekend 1st"]
[Site "Cattolica"]
[Date "2019.06.14"]
[Round "1"]
[White "Laketic, Gojko"]
[Black "Cayla, Jonathan"]
[Result "1-0"]
[WhiteElo "2387"]
[BlackElo "1997"]
[PlyCount "33"]
[EventDate "2019.06.14"]
[EventType "swiss"]
[EventRounds "5"]
[EventCountry "ITA"]
[SourceTitle "CBM 191 Extra"]
[Source "ChessBase"]
[SourceDate "2019.09.30"]
[SourceVersion "1"]
[SourceVersionDate "2019.09.30"]
[SourceQuality "1"]

1. d4 d5 2. c4 dxc4 3. Nf3 Nf6 4. e3 e6 5. Bxc4 c5 6. 0-0 a6 7. a4 Nc6 8. Qe2 cxd4 9. Rd1 Be7 10. exd4 0-0 11. Nc3 Nb4 12. Ne5 Nfd5 13. Ne4 b6 14. Ra3 Bb7 15. Rg3 Re8 16. Rxg7+ Kxg7 17. Qg4+ 1-0

[Event "Vimercate op"]
[Site "Vimercate"]
[Date "2018.11.23"]
[Round "1"]
[White "Cayla, Jonathan"]
[Black "Vezzosi, Paolo"]
[Result "0-1"]
[WhiteElo "2050"]
[BlackElo "2299"]
[PlyCount "72"]
[EventDate "2018.11.23"]
[EventType "swiss"]
[EventRounds "5"]
[EventCountry "ITA"]
[SourceTitle "CBM 187 Extra"]
[Source "ChessBase"]
[SourceDate "2018.11.04"]
[SourceVersion "1"]
[SourceVersionDate "2018.11.04"]
[SourceQuality "1"]

1. d4 Nf6 2. Bg5 Ne4 3. Bf4 d5 4. e3 c6 5. Bd3 Nd7 6. Bxe4 dxe4 7. Nd2 Nf6 8. Ne2 Bf5 9. c4 e6 10. Qb3 b6 11. Nc3 Be7 12. Be5 0-0 13. Bxf6 Bxf6 14. Ndxe4 Be7 15. 0-0 Bg6 16. Rfd1 f5 17. Nd2 f4 18. Nf3 Bh5 19. e4 Bxf3 20. gxf3 Rf6 21. Kh1 Rh6 22. Ne2 Bd6 23. Rg1 Qh4 24. Rg2 Rf8 25. Rag1 Rf7 26. e5 Bf8 27. Qd3 Kh8 28. Qe4 Rf5 29. a3 g6 30. b4 a6 31. Rd1 b5 32. d5 cxd5 33. cxd5 exd5 34. Rxd5 Rhh5 35. Nd4 Rfg5 36. e6 Rxd5 0-1

[Event "Francophone-ch blitz 5th"]
[Site "Cannes"]
[Date "2018.07.13"]
[Round "6"]
[White "Cayla, Jonathan"]
[Black "Brih, Said"]
[Result "1/2-1/2"]
[WhiteElo "2044"]
[BlackElo "2293"]
[PlyCount "32"]
[EventDate "2018.07.13"]
[EventType "swiss (blitz)"]
[EventRounds "11"]
[EventCountry "FRA"]
[SourceTitle "CBM 185 Extra"]
[Source "ChessBase"]
[SourceDate "2018.07.29"]
[SourceVersion "1"]
[SourceVersionDate "2018.07.29"]
[SourceQuality "1"]

1. d4 Nf6 2. Bg5 g6 3. Bxf6 exf6 4. e3 d5 5. c4 Bb4+ 6. Nc3 Bxc3+ 7. bxc3 0-0 8. cxd5 Qxd5 9. Nf3 Qa5 10. Qb3 c5 11. Nd2 Nc6 12. Bb5 cxd4 13. cxd4 Be6 14. Bc4 Bxc4 15. Qxc4 Rac8 16. Qd3 Nb4 1/2-1/2

[Event "Francophone-ch blitz 5th"]
[Site "Cannes"]
[Date "2018.07.13"]
[Round "8"]
[White "Cayla, Jonathan"]
[Black "Efimov, Igor"]
[Result "0-1"]
[WhiteElo "2044"]
[BlackElo "2433"]
[PlyCount "102"]
[EventDate "2018.07.13"]
[EventType "swiss (blitz)"]
[EventRounds "11"]
[EventCountry "FRA"]
[SourceTitle "CBM 185 Extra"]
[Source "ChessBase"]
[SourceDate "2018.07.29"]
[SourceVersion "1"]
[SourceVersionDate "2018.07.29"]
[SourceQuality "1"]

1. d4 e6 2. Nf3 c5 3. c3 b6 4. Bg5 Be7 5. Bxe7 Nxe7 6. e3 Bb7 7. Bd3 Nbc6 8. 0-0 Qc7 9. Qe2 d6 10. Nbd2 e5 11. a4 Ng6 12. d5 Nce7 13. Bb5+ Kf8 14. e4 h6 15. a5 Kg8 16. axb6 Qxb6 17. Ba6 Nf4 18. Qb5 Bxa6 19. Qxa6 Kh7 20. Qxb6 axb6 21. Nc4 Rad8 22. Nxb6 f5 23. Nd2 fxe4 24. Nxe4 Rb8 25. Ra6 Rhd8 26. Rfa1 Nexd5 27. Nxd5 Nxd5 28. Rxd6 Rxd6 29. Nxd6 Rxb2 30. Nc4 Rc2 31. Nxe5 Nxc3 32. Nf3 Ne4 33. Re1 Nxf2 34. Ne5 c4 35. Nxc4 Nd3 36. Rd1 Nf4 37. Ne3 Re2 38. Nd5 Rxg2+ 39. Kh1 Nxd5 40. Kxg2 Ne3+ 41. Kf3 Nxd1 42. Kf4 Kg6 43. Kg4 Ne3+ 44. Kg3 Nf5+ 45. Kg4 h5+ 46. Kf4 Kf6 47. Kf3 g5 48. Kg2 Ke5 49. Kf3 g4+ 50. Kg2 h4 51. h3 g3 0-1

[Event "Imperia op-A 56th"]
[Site "Imperia"]
[Date "2014.08.31"]
[Round "1"]
[White "Jurek, Josef"]
[Black "Cayla, Jonathan"]
[Result "1-0"]
[WhiteElo "2295"]
[BlackElo "2078"]
[PlyCount "107"]
[EventDate "2014.08.31"]
[EventType "swiss"]
[EventRounds "9"]
[EventCountry "ITA"]
[SourceTitle "EXT 2016"]
[Source "ChessBase"]
[SourceDate "2015.10.08"]
[SourceVersion "1"]
[SourceVersionDate "2015.10.08"]
[SourceQuality "1"]

1. Nf3 d5 2. c4 c6 3. g3 Nf6 4. Bg2 Bf5 5. cxd5 cxd5 6. Qb3 Qb6 7. Qxb6 axb6 8. Nc3 Nc6 9. d3 e5 10. 0-0 h6 11. e4 dxe4 12. dxe4 Nxe4 13. Re1 Nxc3 14. Nxe5 Nxe5 15. Rxe5+ Be6 16. bxc3 Bd6 17. Rb5 Bc5 18. Bxb7 Rxa2 19. Rxa2 Bxa2 20. Be3 Bc4 21. Bc6+ Ke7 22. Bxc5+ bxc5 23. Rxc5 Be6 24. Bf3 Rd8 25. Re5 Kd6 26. Re3 Kc5 27. h4 Rd2 28. Kg2 Kc4 29. g4 Rc2 30. Be2+ Kc5 31. Kg3 g5 32. h5 Rc1 33. f3 Rg1+ 34. Kf2 Rc1 35. Ba6 Kb6 36. Bf1 Kc5 37. Be2 Rc2 38. Ke1 Bd5 39. Bd1 Rh2 40. Be2 f5 41. Re5 fxg4 42. c4 g3 43. Rxd5+ Kc6 44. Rd2 Rxh5 45. Bf1 Rh2 46. Rg2 Rxg2 47. Bxg2 Kc5 48. Bf1 h5 49. Bd3 Kd4 50. Kf1 h4 51. Kg2 Kc5 52. Bf1 Kd4 53. Kh3 Ke3 54. Bg2 1-0

[Event "FRA-ch U20"]
[Site "Saint Paul Trois Chateaux"]
[Date "2013.05.05"]
[Round "9"]
[White "El Archi, Yassir"]
[Black "Cayla, Jonathan"]
[Result "0-1"]
[WhiteElo "1671"]
[BlackElo "2046"]
[PlyCount "96"]
[EventDate "2013.04.28"]
[EventType "swiss"]
[EventRounds "9"]
[EventCountry "FRA"]
[SourceTitle "CBM 154 Extra"]
[Source "ChessBase"]
[SourceDate "2013.06.25"]
[SourceVersion "2"]
[SourceVersionDate "2013.06.25"]
[SourceQuality "1"]

1. e4 c6 2. c4 d5 3. cxd5 cxd5 4. exd5 Nf6 5. Qa4+ Bd7 6. Qb3 Qb6 7. Qxb6 axb6 8. Nc3 Na6 9. a3 Nb4 10. Rb1 Nbxd5 11. Nf3 e6 12. Bc4 Bc6 13. Nxd5 Bxd5 14. Bxd5 Nxd5 15. d4 Be7 16. 0-0 0-0 17. Be3 Rfd8 18. Rbc1 Bf6 19. Rfd1 Rd6 20. Bd2 Rad8 21. Be3 h6 22. h3 R6d7 23. Rd2 Ne7 24. Rcd1 Rd5 25. Rc1 Nc6 26. Rcd1 b5 27. b4 Ra8 28. Rd3 Rad8 29. R3d2 Ne7 30. Rc1 R8d7 31. Rd3 Nc6 32. Rcd1 e5 33. dxe5 Rxd3 34. Rxd3 Rxd3 35. exf6 Rxa3 36. Bc5 gxf6 37. Nd4 Nxd4 38. Bxd4 Rb3 39. Bc5 Kg7 40. g3 Kg6 41. Kg2 Kf5 42. Kf1 Ke4 43. Ke2 Rb2+ 44. Ke1 Kf3 45. h4 h5 46. Kd1 f5 47. Ke1 b6 48. Bxb6 Rxb4 0-1

[Event "Nice op"]
[Site "Nice"]
[Date "2009.08.??"]
[Round "5"]
[White "Pelagatti, Alessandro"]
[Black "Cayla, Jonathan"]
[Result "1-0"]
[WhiteElo "2206"]
[BlackElo "1854"]
[PlyCount "31"]
[EventDate "2009.08.??"]
[EventType "swiss"]
[EventRounds "9"]
[EventCountry "FRA"]
[SourceTitle "EXT 2010"]
[Source "ChessBase"]
[SourceDate "2010.11.25"]
[SourceVersion "1"]
[SourceVersionDate "2010.11.25"]
[SourceQuality "1"]

1. d4 d5 2. Nf3 Nf6 3. c4 dxc4 4. e3 e6 5. Bxc4 c5 6. Qe2 a6 7. dxc5 Bxc5 8. 0-0 b5 9. Bd3 0-0 10. e4 Nc6 11. e5 Nd5 12. Bxh7+ Kxh7 13. Ng5+ Kg8 14. Qh5 Re8 15. Qxf7+ Kh8 16. Qh5+ 1-0